000
00354nam a22001217a 4500
008
150520b xxu||||| |||| 00| 0 eng d
020
_a
9780071475259
020
_a
0071475257
041
0
_a
eng
080
_a
658.4
245
1
4
_a
The road to organic growth :
_c
Edward D. Hess.
942
_2
udc
_c
BK
999
_c
873
_d
873